[Event "March To Spring"]
[Site "SchemingMind.com"]
[Date "2017.03.08"]
[Round "-"]
[White "Mitch The Man"]
[Black "Wojtek26"]
[Result "1/2-1/2"]
[WhiteCountry "USA"]
[BlackCountry "POL"]
[WhiteElo "1467"]
[WhiteRD "58"]
[BlackElo "1585"]
[BlackRD "53"]
[GameID "411391"]

1. e4 e5 2. Nf3 Nc6 3. Bc4 Nf6 4. d3 Bc5 5. O-O O-O 6. c3 d5 7. exd5 Nxd5 8. d4 exd4 9. cxd4 Bb6 10. a3 Nf6
11. Ng5 h6 12. Nxf7 Rxf7 13. Bxf7+ Kxf7 14. Re1 Qxd4 15. Qxd4 Bxd4 16. Nc3 Bf5 17. Be3 Bxe3 18. Rxe3 Nd4 19. Rd1 Nc6 20. f3 Rd8
21. Rxd8 Nxd8 22. Nb5 Nc6 23. Nxc7 Ne7 24. Nb5 Nc6 25. Nd6+ Kg6 26. Nxf5 Kxf5 27. g3 Nd5 28. Re4 Ne5 29. g4+ Kf6 30. Kg2 Nd3
31. Kg3 a5 32. Rd4 N3f4 33. Re4 Ne6 34. h4 b6 35. a4 Kf7 36. Re5 Ndc7 37. Rf5+ Kg6 38. h5+ Kh7 39. Rf7 Nd5 40. Rd7 Nef4
41. Rd6 Kg8 42. Kh2 Kf7=
1/2-1/2

[Event "March To Spring"]
[Site "SchemingMind.com"]
[Date "2017.03.08"]
[Round "-"]
[White "Wojtek26"]
[Black "Mitch The Man"]
[Result "1-0"]
[WhiteCountry "POL"]
[BlackCountry "USA"]
[WhiteElo "1585"]
[WhiteRD "53"]
[BlackElo "1467"]
[BlackRD "58"]
[GameID "411392"]

1. d4 d5 2. c4 e6 3. e3 Bb4+ 4. Bd2 Bxd2+ 5. Nxd2 Ne7 6. Ngf3 O-O 7. Bd3 c6 8. O-O a6 9. c5 a5 10. Qc2 Nd7
11. Bxh7+ Kh8 12. Bd3 Ng6 13. Bxg6 fxg6 14. Qxg6 Rf6 15. Qg5 Kg8 16. e4 Nf8 17. e5 Nh7 18. Qh4 Rf8 19. Qxd8 Rxd8 20. Nh4 Bd7
21. Ndf3 Be8 22. g3 Bh5 23. Nd2 Be2 24. Rfe1 Bh5 25. f4 Rf8 26. Kf2 a4 27. Ke3 Rf7 28. h3 Ra5 29. b4 Ra6 30. g4 Bxg4
31. hxg4 b5 32. Ng6 a3 33. Rh1 Ra4 34. Rab1 Raa7 35. Rh3 Rac7 36. Rbh1
1-0

[Event "March To Spring"]
[Site "SchemingMind.com"]
[Date "2017.03.11"]
[Round "-"]
[White "Mitch The Man"]
[Black "ray winteringham"]
[Result "1-0"]
[WhiteCountry "USA"]
[BlackCountry "ENG"]
[WhiteElo "1467"]
[WhiteRD "58"]
[BlackElo "1493"]
[BlackRD "51"]
[GameID "411576"]

1. e4 e5 2. Nf3 d6 3. h3 Be7 4. Bd3 Be6 5. O-O c5 6. Bb5+ Bd7 7. Bxd7+ Qxd7 8. c4 Nc6 9. a3 Nf6 10. d3 h6
11. Nc3 O-O 12. Nh4 Nh7 13. Nf5 b6 14. Qg4 g5 15. Nxh6+ Kg7 16. Qxd7 Rac8 17. Nf5+ Kf6 18. Nd5+
1-0

[Event "March To Spring"]
[Site "SchemingMind.com"]
[Date "2017.03.11"]
[Round "-"]
[White "ray winteringham"]
[Black "Mitch The Man"]
[Result "1/2-1/2"]
[WhiteCountry "ENG"]
[BlackCountry "USA"]
[WhiteElo "1493"]
[WhiteRD "51"]
[BlackElo "1467"]
[BlackRD "58"]
[GameID "411577"]

1. e4 e5 2. Nf3 Nc6 3. Be2 a6 4. c4 Be7 5. b3 Bf6 6. Bb2 Nge7 7. Nc3 O-O 8. d3 Nd4 9. O-O Nxe2+ 10. Qxe2 c5
11. Nd5 Nxd5 12. cxd5 d6 13. a4 a5 14. Nd2 b6 15. f4 Bd7 16. f5 Qb8 17. Rab1 b5 18. Bc3 b4 19. Bb2 Bg5 20. Nf3 Bf6
21. g4 h6 22. h4 Qb6 23. Qh2 Qa6 24. Rbd1 Rfe8 25. Kg2 Kf8 26. g5 hxg5 27. hxg5 Ke7 28. gxf6+ gxf6 29. Kf2 Rh8 30. Nh4 Rag8
31. Rg1 Qc8 32. Rxg8 Rxg8 33. Rg1 Rxg1 34. Qxg1 Qh8 35. Qh2 Kd8 36. Qg3 Be8 37. Ng2 Qh6 38. Ne3 Ke7 39. Ke2 Qh5+ 40. Qf3 Qh2+
41. Qg2 Qh5+ 42. Kf2 Qh4+ 43. Kg1 Qe1+ 44. Nf1 Qd1 45. Qd2 Qxb3 46. Ne3 Qxa4 47. Nc4 Qa2 48. Kf2 Qb1 49. Nxa5 Qh1 50. Nc4 Qh2+
51. Ke1 Qg1+ 52. Ke2 Qg2+= 53. Ke1 Qg1+ 54. Ke2 Qg4+=
1/2-1/2

[Event "March To Spring"]
[Site "SchemingMind.com"]
[Date "2017.03.11"]
[Round "-"]
[White "ray winteringham"]
[Black "Wojtek26"]
[Result "1-0"]
[WhiteCountry "ENG"]
[BlackCountry "POL"]
[WhiteElo "1493"]
[WhiteRD "51"]
[BlackElo "1585"]
[BlackRD "53"]
[GameID "411578"]

1. e4 e5 2. Nf3 Nc6 3. Bc4 Nf6 4. d3 Bc5 5. Nc3 h6 6. O-O O-O 7. Qe2 d6 8. h3 a6 9. a4 Nb4 10. Na2 Nxa2
11. Rxa2 Be6 12. Bxe6 fxe6 13. b3 Rf7 14. Bd2 Qd7 15. b4 Bb6 16. a5 Ba7 17. c3 c5 18. bxc5 Bxc5 19. d4 exd4 20. cxd4 Ba7
21. e5 dxe5 22. Nxe5 Qd5 23. Nxf7 Qxa2 24. Ne5 Bxd4 25. Ng6 Kf7 26. Nf4 Ba7 27. Rd1 Rd8 28. Kf1 Nd5 29. Qh5+ Kg8 30. Nxe6 Re8
31. Qxe8+ Kh7 32. Qd7 Qc4+ 33. Kg1 Bd4 34. Nxd4 Qxd4 35. Qg4 Qc5 36. Qf5+ Kg8 37. Re1 Qc6 38. Qe6+ Qxe6 39. Rxe6 Kf7 40. Re5 Nc7
41. Bb4 Kf6 42. Re1 Nd5 43. Bd2 g6 44. Bxh6 Ne7 45. Bg5+
1-0

[Event "March To Spring"]
[Site "SchemingMind.com"]
[Date "2017.03.11"]
[Round "-"]
[White "Wojtek26"]
[Black "ray winteringham"]
[Result "0-1"]
[WhiteCountry "POL"]
[BlackCountry "ENG"]
[WhiteElo "1585"]
[WhiteRD "53"]
[BlackElo "1493"]
[BlackRD "51"]
[GameID "411579"]

1. d4 d5 2. c4 e6 3. e3 Nc6 4. Nf3 h6 5. Bd3 Nf6 6. O-O Bd7 7. Nc3 Bd6 8. c5 Be7 9. a3 a6 10. b4 b5
11. Ne5 O-O 12. Bb2 Na7 13. Bc2 Nc6 14. Qd3 Nxe5 15. dxe5 Ne4 16. Nxe4 dxe4 17. Qxe4 g6 18. Rad1 Qe8 19. f4 Bc6 20. Qc4 Bb7
21. e4 bxc4
0-1

[Event "March To Spring"]
[Site "SchemingMind.com"]
[Date "2017.03.24"]
[Round "-"]
[White "Mitch The Man"]
[Black "newfischer78"]
[Result "0-1"]
[WhiteCountry "USA"]
[BlackCountry "USA"]
[WhiteElo "1467"]
[WhiteRD "58"]
[BlackElo "1698"]
[BlackRD "129"]
[GameID "412156"]

1. e4 e5 2. Nf3 Nc6 3. c3 Nf6 4. Bd3 Bc5 5. h3 d5 6. Qe2 Be6 7. O-O O-O 8. b4 Bb6 9. Ng5 dxe4 10. Nxe6 exd3
11. Nxd8 dxe2 12. Re1 Raxd8 13. Rxe2 Rfe8 14. Na3 e4 15. Nc4 Ne5 16. Nxb6 cxb6 17. a4 a6 18. Kh1 Nd3 19. Ba3 Nf4 20. c4 Rd4
21. Re3 Rxd2 22. Kh2 Rxf2 23. Kg3 Nd3 24. b5 Nh5+ 25. Kh2 Nhf4 26. Rg3 e3
0-1

[Event "March To Spring"]
[Site "SchemingMind.com"]
[Date "2017.03.24"]
[Round "-"]
[White "newfischer78"]
[Black "Mitch The Man"]
[Result "1-0"]
[WhiteCountry "USA"]
[BlackCountry "USA"]
[WhiteElo "1701"]
[WhiteRD "102"]
[BlackElo "1422"]
[BlackRD "60"]
[GameID "412157"]

1. e4 e5 2. Nf3 d6 3. d4 Qe7 4. Nc3 c6 5. d5 h6 6. Bc4 a6 7. Be3 c5 8. Na4 Nd7 9. O-O Ngf6 10. Nc3 Ng4
11. Qd2 Nxe3 12. fxe3 Qf6 13. a4 Be7 14. a5 O-O 15. Na4 Bd8 16. b4 cxb4 17. Qxb4 Nc5 18. Nxc5 dxc5 19. Qxc5 Be7 20. Qc7 Bd8
21. Qxe5 Qxe5 22. Nxe5 Bf6 23. Ng6 fxg6 24. e5 Kh7 25. exf6 gxf6 26. Rf3 f5 27. e4 f4 28. g3 Bg4 29. Rxf4 Rxf4 30. gxf4 Rc8
31. Bd3 Rd8 32. Kg2 h5 33. h3 Bc8 34. Rd1 Kh6 35. Be2 h4 36. e5 Bf5 37. c4 Be4+ 38. Bf3 Bc2 39. Rd2 Bb3 40. c5
1-0

[Event "March To Spring"]
[Site "SchemingMind.com"]
[Date "2017.03.25"]
[Round "-"]
[White "ray winteringham"]
[Black "newfischer78"]
[Result "1-0"]
[WhiteCountry "ENG"]
[BlackCountry "USA"]
[WhiteElo "1496"]
[WhiteRD "51"]
[BlackElo "1701"]
[BlackRD "102"]
[GameID "412158"]

1. e4 e5 2. Nf3 Nc6 3. Bb5 a6 4. Bxc6 dxc6 5. d3 Bg4 6. O-O Bc5 7. Be3 Bxf3 8. Qxf3 Bd4 9. Qg4 g6 10. c3 Bxe3
11. fxe3 Nf6 12. Qf3 O-O 13. Qxf6 Qxd3 14. Qf2 Qxe4 15. Nd2 Qd5 16. e4 Qb5 17. b3 c5 18. Nc4 f6 19. Rab1 Rae8 20. Ne3 Qc6
21. Nd5 b6 22. Nxf6+ Rxf6 23. Qxf6 Qxf6 24. Rxf6 Kg7 25. Rbf1 Rd8 26. Rf7+ Kh6 27. Rxc7 Rd2 28. Rff7 Rxa2 29. h4 Kh5 30. Rxh7+ Kg4
31. Kh2 Kf4 32. Rc6 Kxe4 33. Rxg6 Kd3 34. Rxb6 e4 35. Re7 e3 36. Rbe6 e2 37. h5 c4 38. b4 Kxc3 39. h6 Rd2 40. h7 Rd8
41. Rxe2 Kxb4 42. Re8 c3 43. Rxd8 Kb3 44. h8=Q
1-0

[Event "March To Spring"]
[Site "SchemingMind.com"]
[Date "2017.03.25"]
[Round "-"]
[White "newfischer78"]
[Black "ray winteringham"]
[Result "1-0"]
[WhiteCountry "USA"]
[BlackCountry "ENG"]
[WhiteElo "1701"]
[WhiteRD "102"]
[BlackElo "1496"]
[BlackRD "51"]
[GameID "412159"]

1. e4 c5 2. Nf3 Nc6 3. d4 cxd4 4. Nxd4 e5 5. Nxc6 bxc6 6. Bc4 Nf6 7. Bg5 h6 8. Bxf6 Qxf6 9. Nd2 Bc5 10. Qf3 Qxf3
11. Nxf3 d6 12. Rd1 Bg4 13. h3 Bxf3 14. gxf3 O-O 15. a3 Rad8 16. c3 Kh8 17. b4 Bb6 18. O-O a5 19. Rd3 f6 20. Rfd1 axb4
21. cxb4 Bc7 22. a4 Rfe8 23. a5 Ra8 24. a6 Reb8 25. Rb3 c5 26. b5 g5 27. Rdb1 Bb6 28. Rd3 Rd8 29. Kg2 Kg7 30. Rbd1 Bc7
31. Kg3 Rab8 32. a7 Ra8 33. Ra1 Bb6 34. Rda3 Rd7 35. Bd5 Raxa7 36. Rxa7 Rxa7 37. Rxa7+ Bxa7 38. Kg4 Bb6= 39. Kf5 h5 40. Ke6 Bc7
41. Kd7 Bb8 42. b6 f5 43. Kc8 c4 44. Kxb8 c3 45. Bb3
1-0

[Event "March To Spring"]
[Site "SchemingMind.com"]
[Date "2017.03.27"]
[Round "-"]
[White "Wojtek26"]
[Black "newfischer78"]
[Result "0-1"]
[WhiteCountry "POL"]
[BlackCountry "USA"]
[WhiteElo "1567"]
[WhiteRD "50"]
[BlackElo "1635"]
[BlackRD "85"]
[GameID "412160"]

1. d4 d5 2. c4 Nf6 3. e3 c6 4. Nf3 Bg4 5. h3 Bxf3 6. Qxf3 e6 7. a3 Nbd7 8. c5 e5 9. b4 e4 10. Qg3 g6
11. Be2 Bg7 12. O-O O-O 13. Bb2 Qb8 14. Qxb8 Raxb8 15. Nd2 b6 16. Bc3 b5 17. Nb3 a6 18. Nc1 Nh5 19. Nb3 f5 20. Na5 Rbc8
21. Nb7 f4 22. Bd1 fxe3 23. fxe3 Rxf1+ 24. Kxf1 Rf8+ 25. Kg1 Ng3 26. Bg4 Nf6 27. Be6+ Kh8 28. Re1 Re8 29. Bg4 Nxg4 30. hxg4 h5
31. Nd6 Rf8 32. gxh5 gxh5 33. Kh2 h4 34. Kh3 Bf6 35. Rd1 Be7 36. Be1 Rf1 37. Ra1 Rh1+ 38. Kg4 Rg1 39. Bc3 Rxg2 40. Nf5 Nxf5+
41. Kxf5 h3 42. Rh1 h2 43. Ke6 Bg5 44. Kd7 Bxe3 45. Kxc6 Bf4 46. Kxd5 Rg1 47. Rxh2+ Bxh2 48. Kxe4 Kg8 49. d5 Kf7 50. d6 Ke6
51. Bd4 Rg4+ 52. Kd3 Be5 53. d7 Rxd4+
0-1

[Event "March To Spring"]
[Site "SchemingMind.com"]
[Date "2017.03.25"]
[Round "-"]
[White "newfischer78"]
[Black "Wojtek26"]
[Result "1-0"]
[WhiteCountry "USA"]
[BlackCountry "POL"]
[WhiteElo "1701"]
[WhiteRD "102"]
[BlackElo "1580"]
[BlackRD "50"]
[GameID "412161"]

1. e4 e5 2. Nf3 Nc6 3. d4 d5 4. Nc3 dxe4 5. Nxe5 Nxe5 6. dxe5 Qxd1+ 7. Nxd1 Bb4+ 8. c3 Bc5 9. Be3 Bxe3 10. Nxe3 Ne7
11. Rd1 Be6 12. b3 O-O 13. Bc4 Bxc4 14. Nxc4 Rad8 15. O-O Nc6 16. f3 exf3 17. gxf3 Rfe8 18. b4 b5 19. Na5 Nxa5 20. bxa5 Kf8
21. f4 Ke7 22. f5 Rxd1 23. Rxd1 Rd8 24. f6+ gxf6 25. exf6+ Ke8 26. Re1+ Kf8 27. Re7 Rd1+ 28. Kf2 Rd2+ 29. Ke3 Rxa2 30. Rxc7 Rxh2
31. Rc8#
1-0

[Event "March To Spring"]
[Site "SchemingMind.com"]
[Date "2017.04.12"]
[Round "-"]
[White "Mitch The Man"]
[Black "Iucounu"]
[Result "0-1"]
[WhiteCountry "USA"]
[BlackCountry "ENG"]
[WhiteElo "1385"]
[WhiteRD "59"]
[BlackElo "1602"]
[BlackRD "57"]
[GameID "412750"]

1. e4 Nf6 2. Bd3 e5 3. Ne2 Bc5 4. h3 Nc6 5. O-O O-O 6. c3 a6 7. b4 Bb6 8. Ba3 d6 9. Qc2 Bd7 10. Ng3 Na7
11. Bc4 Bc6 12. d3 Kh8 13. Nd2 Bd7 14. Nf3 Qe7 15. Rad1 c6 16. Bb3 Be6 17. Bxe6 Qxe6 18. Ng5 Qd7 19. Nf3 h6 20. Qd2 Nb5
21. Bb2 c5 22. Nh2 a5 23. Qe3 axb4 24. cxb4 Rxa2 25. Qd2 Nd4 26. Qc1 Nh5 27. Bxd4 Nxg3 28. fxg3 exd4 29. bxc5 Bxc5 30. Qc4 Rfa8
31. Rxf7 Qa4 32. Qxa4 R8xa4 33. Rxb7 Ra1 34. Rf1 Rxf1+ 35. Nxf1 Ra3 36. Rb8+ Kh7 37. Re8 Rxd3 38. Rc8 Rd1 39. Rf8 d3+ 40. Kh2 Re1
41. Rf3 Bg1+ 42. Kh1 d2 43. Nxd2 Bf2+
0-1

[Event "March To Spring"]
[Site "SchemingMind.com"]
[Date "2017.04.11"]
[Round "-"]
[White "Iucounu"]
[Black "Mitch The Man"]
[Result "1/2-1/2"]
[WhiteCountry "ENG"]
[BlackCountry "USA"]
[WhiteElo "1602"]
[WhiteRD "57"]
[BlackElo "1385"]
[BlackRD "59"]
[GameID "412751"]

1. e4 e5 2. Nf3 d6 3. d4 Qe7 4. Nc3 c6 5. Bc4 Be6 6. Bxe6 Qxe6 7. d5 Qd7 8. dxc6 bxc6 9. Nxe5 dxe5 10. O-O Qc7
11. Kh1 Be7 12. b3 Bf6 13. Ba3 Ne7 14. Qd6 Qb7 15. Rfd1 O-O 16. Na4 Qc8 17. Nc5 h6 18. Nd7 Nxd7 19. Qxd7 Qa6 20. Bxe7 Bxe7
21. Qxe7 Rae8 22. Qb4 Rb8 23. Qd6 Rfe8 24. c4 Rbd8 25. Qxd8 Rxd8 26. Rxd8+ Kh7 27. Rd2 Qb7 28. f3 Qb4 29. Rad1 a5 30. h3 Qa3
31. Re1 Qb4 32. Ree2 Qa3 33. Kh2 Qc1 34. g3 Qa3 35. Kg2 Qe7 36. Rf2 g6 37. Rfe2 h5 38. h4 Kh6 39. Kh2 g5 40. hxg5+ Qxg5
41. Rg2 Qf6 42. Rgf2 Kg7 43. Rc2 h4 44. gxh4 Qxh4+ 45. Kg1 Qh3 46. Rcd2 Qh6 47. Rg2+ Kf8 48. c5 Qe3+ 49. Rgf2 Qg5+ 50. Kh2 Qh4+
51. Kg1 Qg3+ 52. Kf1 Qh3+ 53. Ke1 Qh1+ 54. Ke2 Qh4 55. a3 Qg3 56. Ke3 Qg5+ 57. Kd3 Qd8+ 58. Kc2 Qe7 59. b4 Qb7 60. Kc3 axb4+
61. axb4 Ke7 62. Rb2 Qa6 63. Ra2 Qb7 64. Kc4 Qb5+ 65. Kc3 Ke6 66. Kb3 Qd3+ 67. Ka4 Qb5+ 68. Kb3 Qd3+ 69. Ka4 Qb5+=
1/2-1/2

[Event "March To Spring"]
[Site "SchemingMind.com"]
[Date "2017.04.12"]
[Round "-"]
[White "ray winteringham"]
[Black "Iucounu"]
[Result "0-1"]
[WhiteCountry "ENG"]
[BlackCountry "ENG"]
[WhiteElo "1500"]
[WhiteRD "51"]
[BlackElo "1537"]
[BlackRD "67"]
[GameID "412752"]

1. e4 Nf6 2. e5 Nd5 3. d4 d6 4. Nf3 Bg4 5. Be2 e6 6. h3 Bf5 7. O-O Be7 8. c4 Nb6 9. Bf4 O-O 10. Nc3 h6
11. Nh2 Bg5 12. Bd2 Bxd2 13. Qxd2 dxe5 14. Bf3 c6 15. Rfd1 exd4 16. Ne4 e5 17. Bh5 Bxe4 18. Ng4 N8d7 19. Qe2 Bg6 20. Bxg6 fxg6
21. Nxe5 Nxe5 22. Qxe5 Qf6 23. Qxf6 gxf6 24. Rxd4 Rad8 25. Re4 Rfe8 26. Rf4 Kg7 27. b3 f5 28. c5 Nd5 29. Rf3 Re2 30. Rd3 Rde8
31. Rdd1 R8e7 32. Kf1 Nc3 33. g3 Nxd1 34. Rxd1 Rxa2
0-1

[Event "March To Spring"]
[Site "SchemingMind.com"]
[Date "2017.04.11"]
[Round "-"]
[White "Iucounu"]
[Black "ray winteringham"]
[Result "0-1"]
[WhiteCountry "ENG"]
[BlackCountry "ENG"]
[WhiteElo "1537"]
[WhiteRD "67"]
[BlackElo "1500"]
[BlackRD "51"]
[GameID "412753"]

1. e4 c5 2. Nf3 Nc6 3. d4 cxd4 4. Nxd4 e5 5. Nb5 a6 6. Nd6+ Bxd6 7. Qxd6 Qe7 8. Qxe7+ Ngxe7 9. Nc3 O-O 10. Be3 d6
11. O-O-O Rd8 12. a3 Bg4 13. f3 Bh5 14. h4 Bg6 15. Bb6 Rdc8 16. Nd5 Nxd5 17. Rxd5 h6 18. h5 Bh7 19. g4 f6 20. Rxd6 Kh8
21. c3 Bg8 22. Be2 Bb3 23. Bd1 Bc4 24. b3 Bg8 25. Kb2 a5 26. Bc2 Ra6 27. Be3 a4 28. b4 b5 29. Rhd1 Bc4 30. Bd3 Bb3
31. Rd2 Nxb4 32. cxb4 Rxd6 33. Bb1 Rxd2+ 34. Bxd2 Rd8 35. Be3 Rd1
0-1

[Event "March To Spring"]
[Site "SchemingMind.com"]
[Date "2017.04.12"]
[Round "-"]
[White "Iucounu"]
[Black "Wojtek26"]
[Result "1-0"]
[WhiteCountry "ENG"]
[BlackCountry "POL"]
[WhiteElo "1602"]
[WhiteRD "57"]
[BlackElo "1603"]
[BlackRD "50"]
[GameID "412754"]

1. e4 e5 2. Nf3 Nc6 3. Bb5 Nge7 4. O-O a6 5. Ba4 b5 6. Bb3 g6 7. c3 Bg7 8. d4 exd4 9. cxd4 O-O 10. Nc3 Na5
11. Bc2 Bb7 12. Re1 Nec6 13. d5 Ne5 14. Nxe5 Bxe5 15. Bh6 Bg7 16. Bxg7 Kxg7 17. Qd4+ Kg8 18. b3 d6 19. Bd3 Qe7 20. b4 Nc4
21. Bxc4 bxc4 22. a4 Rfe8 23. f3 Qg5 24. Qxc4 Qe7 25. b5 axb5 26. axb5 h5 27. Qd4 Qe5 28. Qxe5 Rxe5 29. Rxa8+ Bxa8 30. Ra1 Re8
31. Ne2 Bb7 32. Ra7 Rb8 33. Nd4 Kf8 34. Nc6 Bxc6 35. bxc6 Rc8 36. g3 Ke7 37. h3 Kd8 38. Kf2 Rb8 39. Ra2 Ke7 40. g4 h4
41. Ra7 Kd8 42. Ke3 g5 43. Ra3 f6 44. f4 Kc8 45. fxg5 fxg5 46. Kd2 Rb2+ 47. Kc3 Rh2 48. Ra8#
1-0

[Event "March To Spring"]
[Site "SchemingMind.com"]
[Date "2017.04.12"]
[Round "-"]
[White "Wojtek26"]
[Black "Iucounu"]
[Result "0-1"]
[WhiteCountry "POL"]
[BlackCountry "ENG"]
[WhiteElo "1603"]
[WhiteRD "50"]
[BlackElo "1602"]
[BlackRD "57"]
[GameID "412755"]

1. e4 Nf6 2. Nc3 d5 3. exd5 Nxd5 4. Nxd5 Qxd5 5. Nf3 Bg4 6. Be2 Nc6 7. h3 Bh5 8. O-O O-O-O 9. d3 e5 10. Be3 f5
11. Nh2 Bxe2 12. Qxe2 f4 13. Bd2 Nd4 14. Qd1 h5 15. Bc3 Nc6 16. Qf3 Qxf3 17. Nxf3 Re8 18. Rfe1 Bd6 19. Ng5 g6 20. Nf7 Rhf8
21. Nxd6+ cxd6 22. a3 g5 23. f3 h4 24. Re2 b6 25. Bb4 Kd7 26. Bc3 a5 27. Rae1 Re6 28. d4 Re7 29. dxe5 Nxe5 30. Bxe5 Rfe8
31. Rd1 Rxe5 32. Rxe5 Rxe5 33. Kf2 d5 34. c3 b5 35. Re1 Rxe1 36. Kxe1 Kd6 37. b3 Kc5 38. Kd2 d4 39. cxd4+ Kxd4 40. a4 bxa4
41. bxa4 Kc4 42. Kc2 Kb4 43. Kb2 Kxa4 44. Ka2 Kb4 45. Kb2 Kc4
0-1

[Event "March To Spring"]
[Site "SchemingMind.com"]
[Date "2017.04.11"]
[Round "-"]
[White "Iucounu"]
[Black "newfischer78"]
[Result "0-1"]
[WhiteCountry "ENG"]
[BlackCountry "USA"]
[WhiteElo "1602"]
[WhiteRD "57"]
[BlackElo "1636"]
[BlackRD "85"]
[GameID "412756"]

1. e4 e5 2. Nf3 Nc6 3. Bb5 a6 4. Ba4 d6 5. c3 Bg4 6. O-O Nf6 7. Re1 Be7 8. d3 b5 9. Bb3 a5 10. a4 b4
11. Nbd2 O-O 12. h3 Bxf3 13. Nxf3 d5 14. exd5 Nxd5 15. c4 Nf4 16. Bxf4 exf4 17. Rb1 Nd4 18. Nxd4 Qxd4 19. Rxe7 Rae8 20. Rxe8 Rxe8
21. Kf1 c5 22. Qd2 g5 23. Bc2 h5 24. b3 g4 25. hxg4 hxg4 26. Re1 Rd8 27. Re4 Qxe4 28. Qe2 Qxe2+ 29. Kxe2 Re8+ 30. Kd2 f3
31. gxf3 gxf3 32. Bd1 Kg7 33. Bxf3 Kf6 34. Be4 Ke5 35. Bc6 Re7 36. f3 f5 37. Bd5 Kd4 38. Bc6 Re3
0-1

[Event "March To Spring"]
[Site "SchemingMind.com"]
[Date "2017.04.12"]
[Round "-"]
[White "newfischer78"]
[Black "Iucounu"]
[Result "1-0"]
[WhiteCountry "USA"]
[BlackCountry "ENG"]
[WhiteElo "1635"]
[WhiteRD "85"]
[BlackElo "1537"]
[BlackRD "67"]
[GameID "412757"]

1. e4 Nf6 2. Nc3 d5 3. exd5 Nxd5 4. Nxd5 Qxd5 5. Nf3 Bg4 6. Be2 Nc6 7. O-O O-O-O 8. d3 e6 9. c4 Qd7 10. b3 f6
11. Ne1 Bxe2 12. Qxe2 e5 13. Be3 b6 14. Rd1 Nd4 15. Bxd4 Qxd4 16. Nc2 Qd7 17. Qe4 Kb8 18. d4 exd4 19. Nxd4 f5 20. Nc6+
1-0

[Event "March To Spring"]
[Site "SchemingMind.com"]
[Date "2017.04.26"]
[Round "-"]
[White "Mitch The Man"]
[Black "Kenny Elliott"]
[Result "0-1"]
[WhiteCountry "USA"]
[BlackCountry "USA"]
[WhiteElo "1428"]
[WhiteRD "59"]
[BlackElo "1571"]
[BlackRD "73"]
[GameID "413273"]

1. e4 c5 2. c4 Nc6 3. Nf3 g6 4. d3 Bg7 5. h3 e6 6. Be2 Nge7 7. a3 O-O 8. O-O Qb6 9. Qc2 d5 10. e5 Nxe5
11. Nxe5 Bxe5 12. Ra2 Nf5 13. Bd1 Nd4 14. Qd2 Qd6 15. g3 dxc4 16. dxc4 b6 17. Qe3 Bb7 18. Bd2 Qc6 19. f3 Bxg3 20. Kg2 Nf5
21. Qg1 Qd6 22. b3 Qd3 23. Rb2 Nh4+ 24. Kxg3 Nf5+ 25. Kh2 Qd6+ 26. f4 h5 27. Bf3 Bxf3 28. Rxf3 e5 29. Kh1 exf4 30. Bxf4 Qc6
31. Rf2 Nh4 32. Qg3 Nxf3 33. Rxf3 Rad8 34. Kg2 Qe4 35. Nd2 Qc2 36. h4 Rxd2+ 37. Bxd2 Qxd2+ 38. Rf2 Qc1 39. a4 Re8 40. Qf3 Re7
41. Qa8+ Kg7 42. Qf3 Qa1 43. Qf4 Qc3 44. Rf3 Qb2+ 45. Kg3 a6
0-1

[Event "March To Spring"]
[Site "SchemingMind.com"]
[Date "2017.04.26"]
[Round "-"]
[White "Kenny Elliott"]
[Black "Mitch The Man"]
[Result "1-0"]
[WhiteCountry "USA"]
[BlackCountry "USA"]
[WhiteElo "1571"]
[WhiteRD "73"]
[BlackElo "1428"]
[BlackRD "59"]
[GameID "413274"]

1. d4 d5 2. c4 e6 3. Nf3 f6 4. Nc3 Bb4 5. Bd2 dxc4 6. e3 Bxc3 7. Bxc3 b5 8. a4 Ba6 9. axb5 Bxb5 10. b3 Ne7
11. bxc4 Bd7 12. c5 c6 13. Bc4 O-O 14. O-O Bc8 15. Qb3 Nd5 16. Ba5 Qd7 17. e4 Kh8 18. exd5 exd5 19. Bd3 Re8 20. Bc2 Ba6
21. Rfe1 Rxe1+ 22. Rxe1 Bc4 23. Qb1 g6 24. Nh4 Qf7 25. Bd8 Bb5 26. Re7 Qg8 27. Bxg6
1-0

[Event "March To Spring"]
[Site "SchemingMind.com"]
[Date "2017.04.26"]
[Round "-"]
[White "Kenny Elliott"]
[Black "ray winteringham"]
[Result "1-0"]
[WhiteCountry "USA"]
[BlackCountry "ENG"]
[WhiteElo "1571"]
[WhiteRD "73"]
[BlackElo "1500"]
[BlackRD "51"]
[GameID "413275"]

1. d4 d5 2. c4 e6 3. Nc3 Nc6 4. Bd2 Nxd4 5. e3 Nc6 6. Nf3 Be7 7. cxd5 exd5 8. Bb5 Bd7 9. Nxd5 Nf6 10. Nxe7 Qxe7
11. O-O O-O 12. Qb3 Rab8 13. Qa4 a6 14. Bxc6 Bxc6 15. Qf4 Rfe8 16. Bb4 Qe4 17. Qxe4 Rxe4 18. Bc5 h6 19. Rad1 Ng4 20. h3 Nf6
21. Bd4 Ree8 22. Bxf6 gxf6 23. Nd4 Bd5 24. b3 c6 25. Rfe1 Kg7 26. Nf5+ Kh8 27. Nxh6 Kh7 28. Ng4 Kg6 29. Rd4 f5 30. Nh2 Rbd8
31. Rc1 Re4 32. Nf3 Rg8 33. Rxe4 fxe4 34. Nd4 f5 35. a4 Kf6 36. Kh2 f4 37. exf4 e3 38. g4 exf2 39. Rf1 Bxb3 40. Nxb3
1-0

[Event "March To Spring"]
[Site "SchemingMind.com"]
[Date "2017.04.26"]
[Round "-"]
[White "ray winteringham"]
[Black "Kenny Elliott"]
[Result "1-0"]
[WhiteCountry "ENG"]
[BlackCountry "USA"]
[WhiteElo "1500"]
[WhiteRD "51"]
[BlackElo "1571"]
[BlackRD "73"]
[GameID "413276"]

1. e4 c5 2. Nf3 d6 3. Bc4 Nf6 4. d3 g6 5. h3 Bg7 6. Bxf7+ Kxf7 7. c3 Nc6 8. Ng5+ Kg8 9. Qb3+ e6 10. Nxe6 Qe7
11. Nc7+ Kf8 12. Nxa8 Be6 13. Qb5 d5 14. O-O dxe4 15. Bf4 exd3 16. Qxd3 Bf5 17. Qd1 Qe8 18. Nc7 Qc8 19. Re1 Kf7 20. Nd2 Rd8
21. Qb3+ Kf8 22. Nf3 Nh5 23. Ng5 Nf6 24. Qf7#
1-0

[Event "March To Spring"]
[Site "SchemingMind.com"]
[Date "2017.04.27"]
[Round "-"]
[White "Iucounu"]
[Black "Kenny Elliott"]
[Result "1-0"]
[WhiteCountry "ENG"]
[BlackCountry "USA"]
[WhiteElo "1602"]
[WhiteRD "57"]
[BlackElo "1537"]
[BlackRD "71"]
[GameID "413278"]

1. e4 c5 2. Nf3 d6 3. d4 cxd4 4. Nxd4 e5 5. Bb5+ Bd7 6. Bxd7+ Nxd7 7. Nf5 Qb6 8. O-O Ngf6 9. Nc3 g6 10. Ne3 Bg7
11. Ned5 Nxd5 12. Nxd5 Qc6 13. Qd3 Nb6 14. Nxb6 Qxb6 15. b3 O-O 16. Be3 Qc6 17. c4 a6 18. Qd5 Qd7 19. c5 Rad8 20. cxd6 Qxd6
21. Rfd1 Qxd5 22. Rxd5 Rxd5 23. exd5 e4 24. Rd1 Rd8 25. d6 Be5 26. d7 Bf6 27. Bb6 Rf8 28. d8=Q Bxd8 29. Rxd8 f5 30. Rxf8+ Kxf8
31. g3 Kf7 32. Kf1 Ke6 33. Ke2 h5 34. h4 Kd5 35. Ke3 Kc6 36. Bd4 Kb5 37. a3 a5 38. Kf4 a4 39. bxa4+ Kxa4 40. Bc5 Kb5
41. Bb4 Kc4 42. Kg5 Kd3 43. Kxg6 Ke2 44. Bc5 Kf3 45. Kxf5
1-0

[Event "March To Spring"]
[Site "SchemingMind.com"]
[Date "2017.04.26"]
[Round "-"]
[White "Kenny Elliott"]
[Black "Wojtek26"]
[Result "0-1"]
[WhiteCountry "USA"]
[BlackCountry "POL"]
[WhiteElo "1537"]
[WhiteRD "71"]
[BlackElo "1603"]
[BlackRD "50"]
[GameID "413279"]

1. d4 d5 2. c4 e6 3. Nf3 Nf6 4. Bg5 Be7 5. Nc3 h6 6. Bh4 Ne4 7. Bxe7 Qxe7 8. Nxe4 dxe4 9. Ne5 Nd7 10. Nxd7 Bxd7
11. Qb3 b6 12. c5 bxc5 13. Qb7 O-O 14. dxc5 Qxc5 15. Qb3 Qa5+ 16. Qc3 Qxc3+ 17. bxc3 Rab8 18. e3 Rb2 19. Bc4 Rc2 20. O-O Rxc3
21. Bb3 Rb8 22. Rad1 Bb5 23. Rfe1 c5 24. Rc1 Rxc1 25. Rxc1 c4 26. Bxc4 Bxc4 27. h3 Bxa2 28. Ra1 Rb2 29. Rc1 a5 30. Rc8+ Kh7
31. Rc7 Kg6 32. Ra7 Rb5 33. Kh2 Bb3 34. Rd7 a4 35. Ra7 Rd5 36. g3 Rd1 37. Kg2 Ra1 38. Ra5 a3 39. Rb5 Bd5
0-1